=LDR 00000nam 2200000 4500 =001 INLIS000000000000875 =005 20130612085309 =008 ***********************************Ind** =035 ##$$0010-061300000000875 =041 ##$$a Ind =082 ##$$a 530.4 =090 ##$$a 530.4, Rei-s =100 ##$$a Reid, Robert C =245 ##$$a Sifat gas dan zat cair, Robert Reid, John M Prausnitz =260 ##$$a 1991 $b Jakarta =300 ##$$a xiii, 682 hlm, ilus, 24 cm =650 ##$$a Benda gas dan cair =700 ##$$a Prausnitz, John M =850 ##$$a NBPNMAT